000 00683nam a2200217Ia 4500
003 GCL
008 140319s9999 xx 000 0 ara d
040 _aGCL /
_cGCL
082 0 4 _a001.6424
_bم ل
100 1 _aحسن طاهر درة
245 1 0 _aلغة البيسك /
_cحسن طاهر درة
700 1 _aمحمد كامل الشربينى
700 1 _aمحمد محمود عبدالغنى
300 _a205
490 _aكتاب
_v0
650 0 4 _aالحاسبات الالكترونية
650 0 4 _aالبيسك
650 0 4 _aبرامج الحاسبات الالكترونية
650 0 4 _aالحاسبات الالكترونية - برامج
942 _2ddc
_cBK
999 _c42048
_d42048